| 000 | 00800nac a22001931u 4500 | ||
|---|---|---|---|
| 010 | _a 97007565 | ||
| 020 | _a0262050544 | ||
| 082 | 0 | 0 |
_a332.4566094 _bEi23 |
| 090 |
_c2092 _d2092 |
||
| 100 | _aEichengreen, Barry J. | ||
| 245 | 1 | 0 |
_aEuropean monetary unification : _btheory, practice, and analysis / _cBarry Eichengreen. |
| 260 |
_aCambridge, Mass. : _bMIT Press,1997 _c1997. |
||
| 300 |
_a349 p. : _bill. ; _c24 cm. |
||
| 504 | _aIncludes bibliographical references (p. [329]-342) and index. | ||
| 650 | 0 |
_aMonetary unions _zEuropean Union countries. |
|
| 650 | 0 |
_aMonetary policy _zEuropean Union countries. |
|
| 942 |
_cBB _k332.4566094Ei23 |
||
| 999 |
_c2092 _d2092 |
||